Esclavos de Nueva York /
Tama Janowitz, escritora norteamericana contemporánea. Autora de: Un Caníbal en Manhattan.
Na minha lista:
| Autor principal: | |
|---|---|
| Formato: | Livro |
| Idioma: | espanhol |
| Edição: | 2a edición |
| Colecção: | (Contraseñas ;
106) |
| Assuntos: | |
| Tags: |
Sem tags, seja o primeiro a adicionar uma tag!
|
MARC
| LEADER | 00000nam^a2200000^a^4500 | ||
|---|---|---|---|
| 001 | 000031704 | ||
| 005 | 20250521000000.0 | ||
| 009 | 20260310085052.964 | ||
| 020 | |a 84-339-2306-4 | ||
| 037 | |a Acervo ITESO - Biblioteca | ||
| 041 | |a ESP | ||
| 082 | |a 813. |b JAN | ||
| 100 | |a Janowitz, Tama |e (autor) | ||
| 245 | 1 | 0 | |a Esclavos de Nueva York / |c T. Janowitz; tr. por: Mariano Antolín Rato. |
| 250 | |a 2a edición | ||
| 264 | |a Barcelona, España : |b Anagrama, |c 1987 | ||
| 300 | |a 300 p. | ||
| 336 | |a texto |b txt |2 rdacontenido | ||
| 337 | |a sin mediación |b n |2 rdamedio | ||
| 338 | |a volumen |b nc |2 rdasoporte | ||
| 440 | 1 | |a (Contraseñas ; |v 106) | |
| 500 | |a Traducción de: Slaves of New York | ||
| 520 | |a Tama Janowitz, escritora norteamericana contemporánea. Autora de: Un Caníbal en Manhattan. | ||
| 649 | |a XX | ||
| 650 | |a Literatura Norteamericana | ||
| 650 | |a Cuentos Norteamericanos | ||
| 910 | |a Fondo General | ||
| 920 | |a Impresos - Libros | ||
| 930 | |a Colección General | ||
| 940 | |a Literatura | ||
| 905 | |a 101 | ||
| 901 | |a 0317040100 |b IT1 |c LIT |i 031704 |u 20250521 | ||
| 902 | |a https://opac.biblio.iteso.mx/vufind/Record/000031704 | ||